[Event "Southern California State Championship"]
[Site "Whittier, CA (USA)"]
[Date "2017.07.09"]
[Round "7"]
[White "Hilby, Craig"]
[Black "Lu, Albert"]
[Result "1/2-1/2"]
[WhiteElo "2493"]
[BlackElo "2405"]
[PlyCount "63"]
[EventDate "2017.07.??"]
[EventRounds "7"]
[EventCountry "USA"]
[SourceDate "2017.07.06"]

1. d4 d5 2. Bf4 Nf6 3. e3 c5 4. dxc5 Nc6 5. Bb5 e6 6. b4 Ne4 7. f3 Nf6 8. Ne2
a5 9. c3 Nh5 10. O-O Nxf4 11. Nxf4 Be7 12. a4 Bf6 13. Ra2 O-O 14. Qb3 Qc7 15.
g3 g6 16. Na3 Qe5 17. Nc2 Qxc3 18. Qxc3 Bxc3 19. bxa5 Rxa5 20. Rd1 Na7 21. Rb1
Nxb5 22. Rxb5 Ra7 23. Rb3 Bf6 24. Nd4 Bd7 25. Nb5 Ra6 26. Nd6 Bc6 27. Nd3 Ra7
28. a5 Rfa8 29. Nb4 Bd7 30. Nd3 Bc6 31. Nb4 Bd7 32. Nd3 1/2-1/2

[Event "Southern California State Championship"]
[Site "Whittier, CA (USA)"]
[Date "2017.07.09"]
[Round "7"]
[White "Kukavica, Tony"]
[Black "Kiewra, Keaton"]
[Result "0-1"]
[WhiteElo "2170"]
[BlackElo "2508"]
[PlyCount "98"]
[EventDate "2017.07.??"]
[EventRounds "7"]
[EventCountry "USA"]
[SourceDate "2017.07.06"]

1. Nf3 Nf6 2. g3 d5 3. Bg2 Bf5 4. O-O e6 5. c4 c6 6. b3 Nbd7 7. Bb2 h6 8. d3
Be7 9. Nbd2 O-O 10. Re1 Bh7 11. a3 a5 12. Bc3 c5 13. d4 cxd4 14. Bxd4 Rc8 15.
Ne5 Nxe5 16. Bxe5 Qb6 17. e4 Bc5 18. Qe2 Nxe4 19. Nxe4 Bxe4 20. Bxe4 dxe4 21.
b4 axb4 22. axb4 Bxb4 23. Reb1 Qc5 24. Bxg7 Kxg7 25. Qb2+ Kg6 26. Qxb4 Qxb4 27.
Rxb4 Rc7 28. Ra7 Rfc8 29. Raxb7 Rxb7 30. Rxb7 Rxc4 31. Rb2 Rc3 32. Rb4 f5 33.
Rb6 Kf6 34. Rb5 e3 35. fxe3 Rxe3 36. Kf2 Rc3 37. Rb2 Kg5 38. Re2 Kf6 39. Rb2 h5
40. Ra2 h4 41. Kg2 e5 42. Ra6+ Kg5 43. Ra5 e4 44. Ra2 hxg3 45. hxg3 Kg4 46. Ra8
Rc2+ 47. Kf1 Kxg3 48. Ra3+ Kf4 49. Rh3 e3 0-1

[Event "Southern California State Championship"]
[Site "Whittier, CA (USA)"]
[Date "2017.07.09"]
[Round "7"]
[White "Peters, Jack"]
[Black "Clawitter, Craig"]
[Result "1/2-1/2"]
[WhiteElo "2442"]
[BlackElo "2197"]
[PlyCount "144"]
[EventDate "2017.07.??"]
[EventRounds "7"]
[EventCountry "USA"]
[SourceDate "2017.07.06"]

1. e4 e6 2. d4 d5 3. Nd2 Be7 4. Ngf3 Nf6 5. e5 Nfd7 6. Bd3 c5 7. c3 Nc6 8. O-O
a5 9. Re1 cxd4 10. cxd4 Qb6 11. Nb1 Nxd4 12. Nxd4 Qxd4 13. Nc3 Qb6 14. Nb5 Nc5
15. Be3 Bd7 16. a4 O-O 17. Qh5 g6 18. Qh6 Bxb5 19. Bxb5 Rfc8 20. Ra3 Qd8 21.
Bd4 Bg5 22. Qh3 Ne4 23. f3 Nd2 24. g3 Be7 25. Rd3 Bb4 26. Rd1 Rc2 27. Qg2 Qc7
28. Bc3 Bxc3 29. bxc3 Nxf3+ 30. Qxf3 Qxe5 31. Rf1 Rf8 32. Re3 Qg7 33. Bd7 e5
34. Rf2 e4 35. Qf6 Rxf2 36. Qxg7+ Kxg7 37. Kxf2 Rd8 38. Bb5 f5 39. Re1 Kf6 40.
Ke3 Ke5 41. h4 Rd6 42. Rb1 h6 43. Be8 b6 44. Rb5 g5 45. hxg5 hxg5 46. c4 f4+
47. gxf4+ gxf4+ 48. Kf2 Kd4 49. cxd5 Rxd5 50. Rxb6 Kc3 51. Bc6 Rd4 52. Rb8 Rd2+
53. Ke1 Rd4 54. Rf8 f3 55. Re8 Kd3 56. Kf2 Rb4 57. Rd8+ Kc3 58. Ke3 Rc4 59. Bb5
Rb4 60. Rc8+ Kb3 61. Re8 Ka3 62. Re7 Kb3 63. Ra7 Kc2 64. Rxa5 Rb3+ 65. Kxe4 f2
66. Bf1 Rb1 67. Bd3+ Kd2 68. Rd5 Ra1 69. Bb5+ Ke1 70. Rf5 Rxa4+ 71. Bxa4 f1=Q
72. Rxf1+ Kxf1 1/2-1/2

[Event "Southern California State Championship"]
[Site "Whittier"]
[Date "2017.07.09"]
[Round "7"]
[White "Bryant, John Daniel"]
[Black "Kavutskiy, Konstantin"]
[Result "1-0"]
[WhiteElo "2443"]
[BlackElo "2390"]
[PlyCount "85"]
[EventDate "2017.07.06"]
[EventRounds "7"]
[EventCountry "USA"]
[SourceDate "2017.07.06"]

1. g3 Nf6 2. Bg2 d5 3. Nf3 g6 4. c4 c6 5. Qc2 Bg7 6. O-O O-O 7. d3 dxc4 8. Qxc4
Qd5 9. Qc2 Qh5 10. h4 h6 11. e4 c5 12. Nc3 Nc6 13. Ne2 e5 14. Nh2 g5 15. hxg5
hxg5 16. f3 Rd8 17. a3 Bf8 18. Be3 Nd4 19. Nxd4 cxd4 20. Bc1 Be6 21. f4 Rac8
22. Qf2 gxf4 23. gxf4 Ng4 24. Nxg4 Qxg4 25. fxe5 Bg7 26. Bf4 Rc5 27. Rac1 Rdc8
28. Rxc5 Rxc5 29. Qg3 Qxg3 30. Bxg3 Bh6 31. Bf2 Be3 32. Bxe3 dxe3 33. Re1 Rc2
34. d4 e2 35. d5 Bg4 36. Kf2 Rxb2 37. Bf3 Bd7 38. Bxe2 Kf8 39. Ke3 Rb3+ 40. Kd4
Rxa3 41. Rc1 b5 42. Rc7 Ke8 43. Rb7 1-0